Die Fabel vom Kätzchen, vom Mäuschen und vom roten Hühnchen /

Hlavní autor: Prachatická, Markéta, 1953-
Jazyk: Němčina
Vydáno: Prag : Albatros, 1989
Externí odkaz: Digitalizovaný dokument
Fyzický popis: [24] s. : il. ; 26 cm
Knihy
Uloženo v:
LEADER 01015nam a22002532a 4500
001 000844161
003 CZ BrMZK
005 20150423072512.0
007 ta
008 070308s1989 xr er 000 0 ger d
015 |a cnb000051885 
040 |a BOA001  |b cze 
041 1 |a ger  |h cze 
100 1 |a Prachatická, Markéta,  |d 1953-  |7 jn19981002033  |4 aut 
245 1 4 |a Die Fabel vom Kätzchen, vom Mäuschen und vom roten Hühnchen /  |c Markéta Prachatická ; [aus dem Tschechischen übertragen von Paul Völkel] 
260 |a Prag :  |b Albatros,  |c 1989 
300 |a [24] s. :  |b il. ;  |c 26 cm 
500 |a Dostupné též v digitální podobě v aplikaci Kramerius 
765 0 |t O kočičce, myšičce a červené slepičce  |9 Německy 
856 4 1 |u http://www.digitalniknihovna.cz/mzk/uuid/uuid:8ca49a40-feb9-11e4-88cd-005056827e52  |y Digitalizovaný dokument  |x NDK 
910 |a BOA001  |b 3-0949.324 
990 |a BK 
991 |b 200703 
996 6 |b 2619076931  |c 3-0949.324  |l MZK  |r Sklad / do 1 hodiny  |n 1  |w 000844161  |u 000010  |a 1  |e BOA001  |j MZK50  |s P